5HLuxD.jpg

KING HENRY VIII SENIOR AND PRIMARY SCHOOL LIBRARY OPAC

Up on cloud nine / (Record no. 1452)

000 -LEADER
fixed length control field 01014nam a2200313 a 4500
001 - CONTROL NUMBER
control field 017024289
003 - CONTROL NUMBER IDENTIFIER
control field UkOxU
005 - DATE AND TIME OF LATEST TRANSACTION
control field 20221229213952.0
008 - FIXED-LENGTH DATA ELEMENTS--GENERAL INFORMATION
fixed length control field 060124s2006 enk j 000 1 eng
015 ## - NATIONAL BIBLIOGRAPHY NUMBER
National bibliography number GBA627558
020 ## - INTERNATIONAL STANDARD BOOK NUMBER
International Standard Book Number 9780552554657 (pbk.)
035 ## - SYSTEM CONTROL NUMBER
System control number (StGlU)b25914546
035 ## - SYSTEM CONTROL NUMBER
System control number (UkLCURL)03b25914546
038 ## - RECORD CONTENT LICENSOR
Record content licensor Uk
040 ## - CATALOGING SOURCE
Original cataloging agency StDuBDS
Transcribing agency .
Modifying agency KH8
049 ## - LOCAL HOLDINGS (OCLC)
Local processing data b
082 04 - DEWEY DECIMAL CLASSIFICATION NUMBER
Classification number 823.914 FIN
Edition number 22
100 1# - MAIN ENTRY--PERSONAL NAME
Personal name Fine, Anne.
Relator term author
245 10 - TITLE STATEMENT
Title Up on cloud nine /
Statement of responsibility, etc. Anne Fine.
260 ## - PUBLICATION, DISTRIBUTION, ETC.
Place of publication, distribution, etc. London :
Name of publisher, distributor, etc. Corgi Books,
Date of publication, distribution, etc. 2006.
300 ## - PHYSICAL DESCRIPTION
Extent 200 p. ;
Dimensions 20 cm.
520 ## - SUMMARY, ETC.
Summary, etc. While Stolly struggles to regain consciousness in a hospital bed, Ian recalls some of their best and worst times together as he writes a biography of his eccentric best friend.
650 #0 - SUBJECT ADDED ENTRY--TOPICAL TERM
Topical term or geographic name entry element Best friends
Form subdivision Juvenile fiction.
650 #0 - SUBJECT ADDED ENTRY--TOPICAL TERM
Topical term or geographic name entry element Friendship
Form subdivision Juvenile fiction.
650 #0 - SUBJECT ADDED ENTRY--TOPICAL TERM
Topical term or geographic name entry element Families
Form subdivision Juvenile fiction.
650 #0 - SUBJECT ADDED ENTRY--TOPICAL TERM
Topical term or geographic name entry element Suicide
Form subdivision Juvenile fiction.
651 #0 - SUBJECT ADDED ENTRY--GEOGRAPHIC NAME
Geographic name England
Form subdivision Juvenile fiction.
942 ## - ADDED ENTRY ELEMENTS (KOHA)
Source of classification or shelving scheme
Koha item type Books - Non Ficton
Holdings
Withdrawn status Lost status Source of classification or shelving scheme Damaged status Not for loan Collection code Permanent Location Current Location Shelving location Date acquired Full call number Barcode Date last seen Price effective from Koha item type
          Non-Fiction KH8 Primary School Library KH8 Primary School Library Non Fiction 2022-12-29 823.914 FIN KHPL000003231 2025-12-05 2022-12-29 Books - Non Ficton

Powered By KH8 IT Dept